| 000 | 00720nam a2200193Ia 4500 | ||
|---|---|---|---|
| 008 | 151121s9999||||xx |||||||||||||| ||und|| | ||
| 082 | _a521।2/गवांदे | ||
| 082 | _bHNW-113961 | ||
| 100 | _aगवांदे पुंडलिक | ||
| 245 | _aअंतराळातील मोहिमा | ||
| 260 | _b"दिलीपराज प्रकाशन प्रा। लि।, पुणे।" | ||
| 260 | _c2013 | ||
| 300 | _a84 | ||
| 600 | _aगवांदे पुंडलिक | ||
| 630 | _aअंतराळातील मोहिमा | ||
| 700 | _aगवांदे पुंडलिक | ||
| 730 | _aअंतराळातील मोहिमा | ||
| 942 | _cBOOK | ||
| 999 |
_c1263014 _d1263011 |
||